| 000 | 00366pab a2200157 454500 | ||
|---|---|---|---|
| 008 | 180718b2002 xxu||||| |||| 00| 0 eng d | ||
| 100 | _aEngineer, Asghar Ali | ||
| 245 | _aPoliticisation of police personnel | ||
| 260 | _c2002 | ||
| 300 | _ap.8. | ||
| 362 | _a10 Jul | ||
| 650 | _aPolice - India | ||
| 650 | _aPolice | ||
| 773 | _aDeccan Herald | ||
| 909 | _a54306 | ||
| 999 |
_c54306 _d54306 |
||